000
00323 a2200133 4500
001
48061
040
_c
Anchieta - Aquarius
100
_a
Barreto, Lima
240
1
0
_a
O triste fim de Policarpo quaresma
_l
por
245
1
0
_a
O triste fim de Policarpo quaresma
300
_a
104
650
4
_a
Literatura brasileira
942
_c
BK
999
_c
48061
_d
48061